|
|
|
|
| LEADER |
00000nam a2200000 a 4500 |
| 001 |
UCT2108 |
| 003 |
CL-VaPUC |
| 008 |
961004e19600000AG |||||||||||||||||spa|d |
| 082 |
0 |
4 |
|a 571.4
|b WER
|2 21
|
| 100 |
0 |
|
|a Wernicke, Raúl
|e author
|9 371174
|
| 245 |
1 |
0 |
|a Curso de física biológica
|
| 250 |
|
|
|a 7a. ed
|
| 300 |
|
|
|a v
|
| 942 |
|
|
|c BK
|
| 945 |
|
|
|d 19961004 00:00:00
|a paguirre
|
| 260 |
|
|
|a Buenos Aires
|b El Ateneo
|c 1960
|
| 500 |
|
|
|a v.2: Biología
|
| 650 |
|
0 |
|a Física
|9 227844
|
| 650 |
|
0 |
|a Biología
|9 262022
|
| 650 |
|
0 |
|a Seres humanos
|9 313276
|
| 650 |
|
7 |
|a FISIOLOGIA
|2 CL-VaPUC
|9 371175
|
| 650 |
|
0 |
|a Visión
|9 269056
|
| 650 |
|
0 |
|a Luz visible
|9 340314
|
| 650 |
|
0 |
|a Ondas sonoras
|9 322250
|
| 650 |
|
0 |
|a Músculos
|9 269552
|
| 650 |
|
7 |
|a SISTEMA ESQUELETO MUSCULO
|2 CL-VaPUC
|9 334277
|
| 583 |
|
|
|a last modification
|c 19961004 00:00:00
|k Rodrigo Vera
|
| 999 |
|
|
|c 252367
|d 252365
|